| 000 | 00354nam a2200145Ia 4500 | ||
|---|---|---|---|
| 008 | 150201s2006 xx 000 0 und d | ||
| 082 |
_a611.313 _bD2006B |
||
| 100 | _aBALOGH MARRY BATH | ||
| 245 | _aDENTAL EMBRYOLOGY,HISTOLOGY & ANATOMY | ||
| 250 | _a2ND | ||
| 260 |
_bELSEVIER _aDELHI _c2006 |
||
| 300 | _a1-404 | ||
| 650 | _aANATOMY | ||
| 942 |
_2ddc _cBK |
||
| 999 |
_c3733 _d3733 |
||